| 000 | 00926nam a22002057a 4500 | ||
|---|---|---|---|
| 999 |
_c5708 _d5708 |
||
| 003 | AR-CdUCM | ||
| 008 | 190313b ||||| |||| 00| 0 spa d | ||
| 040 |
_aMUNICIPALIDAD PROVINCIAL DEL CUSCO _cBIBLIOTECA MUNICIPAL DEL CUSCO |
||
| 082 |
_a985.613 / _bY76 |
||
| 100 |
_aYabar Sánchez, Germán _917004 |
||
| 245 |
_aSanta Teresa en la Historia / _cMunicipalidad Distrital de Santa Teresa |
||
| 260 |
_aPerú : _bMunicipalidad Distrital de Santa Teresa , _c2013. |
||
| 300 |
_a205 páginas ; _c20.5 cm. |
||
| 505 | _aContenido : Aspecto Geografico -- Recursos Naturales y medio ambiente -- Salqantay -- Actividad Pecuaria -- Epoca Inca y Pre Inca -- Eopca Colonial -- La Hacienda Huadquiña en la Colonia -- Época Republicana... | ||
| 650 |
_aDistrito de Santa Teresa _917005 |
||
| 650 |
_aHistoria de Santa Teresa _917006 |
||
| 650 |
_aMunicipalidad Distrital de Santa Teresa _917007 |
||
| 942 |
_2ddc _cLIBROS |
||
| 945 | _artm | ||